[Event "Bucharest Gaudeamus Cup 1st"]
[Site "Bucharest"]
[Date "2011.03.27"]
[Round "5"]
[White "Pintilie, Petre"]
[Black "Zamora, Aurel"]
[Result "0-1"]
[WhiteElo "1816"]
[BlackElo "1673"]
[PlyCount "68"]
[EventDate "2011.03.25"]
[EventType "swiss"]
[EventRounds "5"]
[EventCountry "ROU"]
[SourceTitle "CBM 141 Extra"]
[Source "ChessBase"]
[SourceDate "2011.05.03"]
[SourceVersion "1"]
[SourceVersionDate "2011.05.03"]
[SourceQuality "1"]

1. g3 d5 2. f4 Nf6 3. Bg2 b6 4. Nf3 Bb7 5. 0-0 h5 6. d3 e6 7. c3 Nbd7 8. Nbd2 Ng4 9. Nb3 Bd6 10. h3 Nh6 11. Qe1 Nf5 12. e4 dxe4 13. dxe4 Nh6 14. Bd2 Qe7 15. e5 Bc5+ 16. Nfd4 Bxg2 17. Kxg2 Bxd4 18. Qe4 0-0 19. cxd4 Rad8 20. Qc6 Nb8 21. Qf3 Nf5 22. Bc3 c5 23. dxc5 bxc5 24. Ba5 Rd5 25. Rac1 Nc6 26. Rfd1 h4 27. Rxd5 hxg3 28. Qe4 Nh4+ 29. Kxg3 exd5 30. Qe1 c4 31. Na1 Nf5+ 32. Kg4 Qe6 33. Bd2 Ncd4 34. Qf2 Qg6# 0-1

[Event "ROM-ch op"]
[Site "Sarata Monteoru"]
[Date "2011.02.15"]
[Round "5"]
[White "Zamora, Aurel"]
[Black "Dan, Cristian"]
[Result "0-1"]
[WhiteElo "1674"]
[BlackElo "1983"]
[PlyCount "66"]
[EventDate "2011.02.12"]
[EventType "swiss"]
[EventRounds "11"]
[EventCountry "ROU"]
[SourceTitle "CBM 140 Extra"]
[Source "ChessBase"]
[SourceDate "2011.03.01"]
[SourceVersion "1"]
[SourceVersionDate "2011.03.01"]
[SourceQuality "1"]

1. e4 c5 2. c3 d5 3. exd5 Qxd5 4. d4 cxd4 5. cxd4 e6 6. Nf3 Nf6 7. Nc3 Bb4 8. Bd3 0-0 9. 0-0 Qh5 10. Nb5 Na6 11. a3 Be7 12. Re1 Nd7 13. Qc2 h6 14. Ne5 Bf6 15. Be2 Qf5 16. Bd3 Qh5 17. Bf4 Bxe5 18. Bxe5 Nb6 19. Re3 f6 20. Rh3 Qe8 21. Bf4 e5 22. Bh7+ Kh8 23. Nd6 Qc6 24. Nxc8 Qxc2 25. Bxc2 Raxc8 26. Bf5 exf4 27. Bxc8 Rxc8 28. Rh4 Nd5 29. Rh5 Nac7 30. Rc1 Re8 31. g3 Kh7 32. gxf4 Nxf4 33. Rxc7 Re1# 0-1

[Event "ROM-ch op"]
[Site "Sarata Monteoru"]
[Date "2011.02.14"]
[Round "4"]
[White "Toculet, Gheorghe Cristache"]
[Black "Zamora, Aurel"]
[Result "0-1"]
[WhiteElo "1856"]
[BlackElo "1674"]
[PlyCount "96"]
[EventDate "2011.02.12"]
[EventType "swiss"]
[EventRounds "11"]
[EventCountry "ROU"]
[SourceTitle "EXT 2013"]
[Source "ChessBase"]
[SourceDate "2012.11.22"]
[SourceVersion "1"]
[SourceVersionDate "2012.11.22"]
[SourceQuality "1"]

1. e4 e5 2. Bc4 Nf6 3. d3 d5 4. exd5 Nxd5 5. Qh5 Nc6 6. Nc3 Be6 7. Bg5 Qd7 8. Ne4 Nf4 9. Bxe6 Qxe6 10. Bxf4 exf4 11. Ne2 0-0-0 12. Nxf4 Qe5 13. Qxe5 Nxe5 14. 0-0-0 f5 15. Ng5 Rd7 16. Rhe1 Bd6 17. Nge6 Ng4 18. f3 Nf6 19. g3 Re8 20. Re2 Rde7 21. Rde1 g5 22. Ng7 Bxf4+ 23. Kd1 Rxe2 24. Rxe2 Rxe2 25. Kxe2 Be5 26. c3 f4 27. g4 Kd7 28. d4 Bd6 29. Nf5 Nd5 30. h4 gxh4 31. Nxh4 Ne3 32. Kd3 Be7 33. Nf5 Nxf5 34. gxf5 h5 35. b4 h4 36. Ke2 h3 37. Kf2 Bh4+ 38. Kg1 Be1 39. f6 Ke6 40. d5+ Kxf6 41. b5 Bxc3 42. Kh2 Ke5 43. d6 cxd6 44. a4 d5 45. Kxh3 d4 46. Kg2 d3 47. Kf2 Kd4 48. a5 Bxa5 0-1

[Event "ROM-ch op"]
[Site "Sarata Monteoru"]
[Date "2011.02.12"]
[Round "1"]
[White "Zamora, Aurel"]
[Black "Luncasu, Raul Ionut"]
[Result "0-1"]
[WhiteElo "1674"]
[BlackElo "2161"]
[PlyCount "109"]
[EventDate "2011.02.12"]
[EventType "swiss"]
[EventRounds "11"]
[EventCountry "ROU"]
[SourceTitle "EXT 2013"]
[Source "ChessBase"]
[SourceDate "2012.11.22"]
[SourceVersion "1"]
[SourceVersionDate "2012.11.22"]
[SourceQuality "1"]

1. e4 c5 2. Nf3 d6 3. Bb5+ Nd7 4. e5 dxe5 5. Nxe5 Ngf6 6. Nc3 e6 7. d4 a6 8. Be2 cxd4 9. Nxd7 Qxd7 10. Nb1 b5 11. Bf3 Bb7 12. Bf4 Rd8 13. 0-0 Be7 14. Nd2 0-0 15. Qe2 d3 16. cxd3 Bxf3 17. Nxf3 Qxd3 18. Qe1 Qf5 19. Be5 Rd5 20. Qc3 b4 21. Qc7 Bd8 22. Qb7 Rxe5 23. Nxe5 Qxe5 24. Qxa6 Bc7 25. f4 Qe3+ 26. Kh1 Bxf4 27. Qc4 Bd6 28. Rae1 Qc5 29. Qh4 Qh5 30. Qxh5 Nxh5 31. Re4 Nf6 32. Rd4 Nd5 33. Rf3 Ra8 34. a3 bxa3 35. bxa3 Bxa3 36. Rc4 g6 37. h4 h5 38. g4 hxg4 39. Rxg4 Be7 40. h5 Nf6 41. Rgf4 gxh5 42. Rxf6 Bxf6 43. Rxf6 Kg7 44. Rf3 Ra4 45. Kg2 f5 46. Re3 Kf6 47. Kh3 e5 48. Rb3 Kg5 49. Rb5 Ra3+ 50. Kh2 e4 51. Rb8 h4 52. Rb7 h3 53. Kg1 Rg3+ 54. Kh1 e3 55. Re7 0-1